Loading...
Projects using C /
| Main Author: | |
|---|---|
| Format: | Printed Book |
| Language: | English |
| Published: |
Chennai:
Scitech,
2001.
|
| Edition: | 1st ed. |
| Subjects: |
| LEADER | 00578cam a2200205ua 4500 | ||
|---|---|---|---|
| 008 | 080411t2001||||||||||| 001 ||eng c | ||
| 041 | 0 | |a eng | |
| 082 | |a 005.133C |b VAR/P | ||
| 100 | 0 | |a Varalakshmi, | |
| 245 | 0 | 0 | |a Projects using C / |
| 250 | |a 1st ed. | ||
| 260 | |a Chennai: |b Scitech, |c 2001. | ||
| 300 | |a 509p.. | ||
| 362 | 1 | |a 2001. | |
| 365 | |e pb | ||
| 500 | |a Includes index. | ||
| 650 | 0 | |a C programming | |
| 942 | |c BK | ||
| 999 | |c 17864 |d 17864 | ||
| 952 | |0 0 |1 0 |4 0 |6 005_000000000000000_133C_VAR |7 0 |9 18624 |a KUCL |b KUCL |d 2014-05-23 |l 0 |o 005.133C VAR/ |p 10442 |r 2014-05-23 |w 2014-05-23 |y BK | ||